Quelques réflexions cliniques sur la Fibromyalgie (notice n° 1865585)
[ vue normale ]
| 000 -LEADER | |
|---|---|
| fixed length control field | 00532cam a2200169 4500500 |
| 005 - DATE AND TIME OF LATEST TRANSACTION | |
| control field | 20260329011842.0 |
| 041 ## - LANGUAGE CODE | |
| Language code of text/sound track or separate title | fre |
| 042 ## - AUTHENTICATION CODE | |
| Authentication code | dc |
| 100 10 - MAIN ENTRY--PERSONAL NAME | |
| Personal name | Barlag, Lydia |
| Relator term | author |
| 245 00 - TITLE STATEMENT | |
| Title | Quelques réflexions cliniques sur la Fibromyalgie |
| 260 ## - PUBLICATION, DISTRIBUTION, ETC. | |
| Date of publication, distribution, etc. | 2006.<br/> |
| 500 ## - GENERAL NOTE | |
| General note | 6 |
| 700 10 - ADDED ENTRY--PERSONAL NAME | |
| Personal name | Boriceanu, Oana |
| Relator term | author |
| 700 10 - ADDED ENTRY--PERSONAL NAME | |
| Personal name | Bourgeois, Didier |
| Relator term | author |
| 786 0# - DATA SOURCE ENTRY | |
| Note | Psy Cause | 46 | 4 | 2006-01-03 | p. 12-15 | 1245-2394 |
| 856 41 - ELECTRONIC LOCATION AND ACCESS | |
| Uniform Resource Identifier | <a href="https://shs.cairn.info/revue-psy-cause-2006-4-page-12?lang=fr&redirect-ssocas=7080">https://shs.cairn.info/revue-psy-cause-2006-4-page-12?lang=fr&redirect-ssocas=7080</a> |
Pas d'exemplaire disponible.




Réseaux sociaux